Clones of rubber (Hevea brasiliensis) introduced from Cote d'Ivoire: Growth and yield performance in India (Record no. 49300)

MARC details
000 -LEADER
fixed length control field 00661nam a2200193Ia 4500
100 ## - MAIN ENTRY--AUTHOR NAME
Personal name Reghu C P
245 #0 - TITLE STATEMENT
Title Clones of rubber (Hevea brasiliensis) introduced from Cote d'Ivoire: Growth and yield performance in India
260 ## - PUBLICATION, DISTRIBUTION, ETC. (IMPRINT)
Name of publisher PLACROSYM XVIII. 10-13 December 2008, National Research Centre for Cashew, Puttur, Karnataka. Journal of Plantation Crops, 36 (3): 175-179.
Year of publication 2008
650 ## - SUBJECT ADDED ENTRY--TOPICAL TERM
Topical Term Bark anatomy
650 ## - SUBJECT ADDED ENTRY--TOPICAL TERM
Topical Term IRCA clones
650 ## - SUBJECT ADDED ENTRY--TOPICAL TERM
Topical Term Rubber yield
650 ## - SUBJECT ADDED ENTRY--TOPICAL TERM
Topical Term Timber yield
700 ## - ADDED ENTRY--PERSONAL NAME
Personal name Abraham S T
700 ## - ADDED ENTRY--PERSONAL NAME
Personal name Madhavan J
700 ## - ADDED ENTRY--PERSONAL NAME
Personal name Rao G P
700 ## - ADDED ENTRY--PERSONAL NAME
Personal name Varghese Y A
942 ## - ADDED ENTRY ELEMENTS (KOHA)
Koha item type Bibliography STAF
Holdings
Withdrawn status Lost status Damaged status Not for loan Home library Current library Shelving location Date acquired Koha item type
      Bibliography RRII Library RRII Library Botany 17/12/2008 Bibliography STAF